[Event "GER VM001A corr"]
[Site "GER corr"]
[Date "2001.??.??"]
[Round "?"]
[White "Bellmann, Herbert"]
[Black "Nispel, Erich"]
[Result "1-0"]
[WhiteElo "2288"]
[BlackElo "1554"]
[PlyCount "69"]
[EventDate "2001.??.??"]
[EventType "game (corr)"]
[EventRounds "6"]
[EventCountry "GER"]
[SourceTitle "Corr 2002"]
[Source "ChessBase"]
[SourceDate "2002.05.23"]
[SourceVersion "1"]
[SourceVersionDate "2002.05.23"]
[SourceQuality "1"]

1. d4 Nf6 2. c4 g6 3. Nc3 Bg7 4. e4 d6 5. Be2 0-0 6. Bg5 c5 7. d5 b5 8. cxb5 Qa5 9. Bd2 a6 10. a4 axb5 11. Bxb5 Qb6 12. Nge2 Na6 13. 0-0 Bb7 14. a5 Qc7 15. Nf4 Rfb8 16. Re1 Nb4 17. Qa4 Ra7 18. Bf1 Ba6 19. Nb5 Bxb5 20. Bxb5 Rxb5 21. Qxb5 Nc2 22. Nd3 c4 23. e5 dxe5 24. Nxe5 Nxe1 25. Rxe1 Rb7 26. Qc6 Qxc6 27. dxc6 Rc7 28. Nxc4 Rxc6 29. Nb6 e6 30. Rc1 Rd6 31. Be3 Nd7 32. Nxd7 Bxb2 33. Rc8+ Kg7 34. Kf1 Rxd7 35. a6 1-0